Fòrum Europa-Barcelona 2003 : la participació de la societat en l'estat del benestar del segle XXI la participació de la societat en l'estat del benestar del segle XXI
Descripción Física:
111 p. ; 30 cm
Colección:
Papers de participació ciutadana ; 12
MARC
| LEADER | 00000nam a2200000Ia 4500 | ||
|---|---|---|---|
| 001 | 16571 | ||
| 003 | BGR | ||
| 005 | 20260324175330.0 | ||
| 008 | 160829s9999 xx 000 0 cat d | ||
| 080 | |a M-5-32 | ||
| 111 | |a Fòrum Europa |9 62855 |c (Barcelona : |d 2003) | ||
| 245 | |a Fòrum Europa-Barcelona 2003 : |b la participació de la societat en l'estat del benestar del segle XXI | ||
| 260 | |a [Barcelona] : |b Diputació de Barcelona, Xarxa de Municipis, cop. 2003 | ||
| 300 | |a 111 p. ; |c 30 cm | ||
| 490 | |a Papers de participació ciutadana ; 12 | ||
| 590 | |a A la part superior de la coberta: Flor de Maig, Centre per a la Participació Ciutadana | ||
| 650 | |a Canvi social |x Congressos |9 27443 | ||
| 650 | |a Estat del benestar |x Participació ciutadana |x Congressos |9 27444 | ||
| 710 | |a Flor de Maig |9 54173 | ||
| 710 | 1 | |a Barcelona (Catalunya : Província). |b Diputació |9 52408 | |
| 901 | |a Arxiu | ||
| 942 | |n 1 |2 udc |c MON | ||
| 952 | |0 0 |1 0 |4 0 |6 M532 |7 1 |9 44389 |a Arxiu |b Arxiu |d 2016-12-01 |l 0 |o M-5-32 |p 16571 |r 2016-12-01 00:00:00 |w 2016-12-01 |y ARXIU | ||
| 999 | |c 46970 |d 46970 | ||